000 00393nam a22001577a 4500
005 20251108172908.0
008 250721s1997 xx 000 0 eng d
082 1 4 _aJ/372.21/NOO
100 1 _aNoone, Oliver
245 1 0 _aTeachers pest /
264 _bpublications international,
_c1997.
490 0 _aPLAY A SOUND
650 1 7 _aPRESCHOOL EDUCATION
942 _2ddc
_cBK
999 _c91184
_d91184